Lord of the Mysteries - The Giant Pathway - Statistics

General Stats
  • This quiz has been taken 26 times
  • The average score is 7 of 10
Answer Stats
Sequence Number Name of Potion % Correct
Sequence 4 Demon Hunter
95%
Sequence 0 The Twilight Giant
84%
Sequence 9 Warrior
84%
Sequence 3 Silver Knight
74%
Sequence 8 Pugilist
68%
Sequence 6 Dawn Paladin
63%
Sequence 1 Hand Of God
63%
Sequence 7 Weapon Master
53%
Sequence 2 Glory
47%
Sequence 5 Guardian
42%
No matching quizzes found
Score Distribution
Percent of People with Each Score
Percentile by Number Answered
Your Score History
You have not taken this quiz